000
00308nam a2200109Ia 4500
008
230320s9999||||xx |||||||||||||| ||spa||
082
_a
343.066/P53
100
_a
Picón Gonzales, Jorge Luis, 1972-
245
0
_a
Deducciones Del Impuesto A La Renta Empresarial :
260
_b
Dogma Ediciones
942
_8
0
_c
LIB
999
_c
50521
_d
50521